000 01118cam a22003257a 4500
003 CHAP
005 20220329142415.0
008 001130d1997 enka r 00110 eng d
010 _a83052
011 _a84024
020 _a0471974552
035 _a94543
040 _cCHAP
082 _a630
_bL34
100 0 0 _aLake, John V.
_e, ed.
_964510
245 1 0 _aPrecision agriculture :
_bspatial and temporal variability of environmental quality
_c/ed. by John V. Lake, Gregory R. Bock and Jamie A. Goode
260 _aChichester,England :
_bJohn Wiley & Sons,
_c1997.
300 _a251 p. :
_bilus. ; gráfs.
490 0 _aCIBA Foundation Symposium
_v; 210
590 _aBATCH-UPD
_b10
_c20130110
_lUCH01
_h0431
590 _aBATCH-UPD
_b10
_c20130110
_lUCH01
_h2258
590 _aCONVERSION
_b10
_c20130109
_lUCH01
_h1346
700 0 _aBock, Gregory R.
_e, ed.
_913333
700 0 _aGoode, Jamie A.
_e, ed.
_949562
830 0 _aCIBA Foundation Symposium
_v; 210
_923027
901 _aBK
905 _aPatricia Mendoza P.
942 _cLIBRO
949 _a630 L34
_bBC
_cLIBRO
_d33724000812475
_eLIBRO
_g208973
_h98966
_i94543
_si
999 _c83052
_d83052